| 000 | 00693nam a2200229Ia 4500 | ||
|---|---|---|---|
| 005 | 20230426113609.0 | ||
| 008 | 131103s9999 xx 000 0 und d | ||
| 020 |
_a813160246X _cRs 875 |
||
| 040 | _aLoreto College | ||
| 041 | _aEnglish | ||
| 082 |
_a338.954 _bRAO |
||
| 245 |
_aPerspectives on economic development and social change _b Essays in honour of Professor K.S. Chalam _cEdited by Yagati Chinna Rao |
||
| 300 |
_axiv,356p _b tables |
||
| 504 | _aIncludes bibliographical references | ||
| 630 | _aEconomic Development | ||
| 630 | _aSocial Changes | ||
| 650 | _aSociety-Changes | ||
| 651 | _aEconomics | ||
| 700 | _aRao, Yagati Chinna, ed | ||
| 850 | _aLCLIB | ||
| 942 | _cBK | ||
| 999 |
_c36067 _d86546 |
||